| 000 | 00383 a2200169 4500 | ||
|---|---|---|---|
| 001 | 69826 | ||
| 020 | _a8572722203 | ||
| 040 | _cAnchieta - Itaigara | ||
| 100 | _aMachado, Ana Maria | ||
| 240 | 1 | 0 |
_aO menino e o maestro _lpor |
| 245 | 1 | 0 | _aO menino e o maestro |
| 300 | _a47 | ||
| 362 | 0 | _a2006 | |
| 440 | 1 | _aMercuryo Jovem | |
| 650 | 4 | _aLiteratura infanto-juvenil | |
| 942 | _cBK | ||
| 999 |
_c69826 _d69826 |
||